000 00502nam a2200133Ia 4500
008 260210s9999 xx 000 0 und d
024 _a08B-09-EE, 08B-16-EE, 08B-18-EE, 08B-52-EE & 08B-61-EE
082 _a621.31072 OMA
100 _aOmais Ahmed, Rauf Elahi, Muhammad Umair, Nazaar Baakza & Muhammad Yaseen Akbar
245 0 _aGeneration of Electricity Through Speed Breaker
260 _aKarachi:
_bUITU,
_c2008
600 _aElectronic Engineering
650 _aBachelor of Engineering (BE)
999 _c33026
_d33026